00746nam a2200193 i 4500001000400000100002800004245011000032260007300142300002900215490003500244504002500279651004200304830003000346020002100376040000800397041000800405008004100413856009800454bgj1 aMORRIS, Richard Brandon10aThe Framing on the Federal Constitution /ctext by Richard B[randon] Morris ; drawings by Leonard Baskin. aWashington, D.C. :bUnited States Department of the Interior,c1986. a111 pp :bill. ;c21 cm.1 aNational Park Handbooks ;v103 aBibliography p. 111. 9aUnited StatesxConstitutional history aNational Park Handbooks ; a091262700X (pbk) cBPK aeng s uk f |000 0 eng  uhttp://koha.tu.koszalin.pl/cgi-bin/koha/opac-detail.pl?biblionumber=41333yKatalog online BPK